00834cam a22002531 4500001000800000005001700008008004100025010001700066035001800083040003100101041000800132043003000140080001600170082001600186100000700202101000800209245011600217504002900333504002900362906004500391942001200436999001700448952011500465795082820180221034334.0740513t19591933nju b 000 0 eng  a 59013251  a(OCoLC)883882 aDLCcPPDdOCoLCdDCHSdDLC aeng ae------aff-----aaw----- a330.937 FRA a330.937 FRA1 a19 aPOL13aAn economic survey of ancient Rome.cEdited by Tenney Frank in collaboration with T.R.S. Broughton [and others] aIncludes bibliographies. aIncludes bibliographies. a7bcbccoclcrplduencipf19gy-gencatlg 2ddccBK c42987d42987 00102udc40708PËKGa002b002cPËKGd2018-02-21l0o330.937 FRAp002-2998290r2018-02-21w2018-02-21yBK